Summaries; Известия Томского политехнического университета [Известия ТПУ]; Т. 316, № 6: Экономика. Философия, социология и культурология

Détails bibliographiques
Parent link:Известия Томского политехнического университета [Известия ТПУ]/ Томский политехнический университет (ТПУ).— , 2000-
Т. 316, № 6: Экономика. Философия, социология и культурология.— 2010.— [С. 235-239]
Résumé:Заглавие с титульного листа
Электронная версия печатной публикации
Приведены рефераты статей данного номера на английском языке.
Langue:russe
Publié: 2010
Sujets:
Accès en ligne:http://www.lib.tpu.ru/fulltext/v/Bulletin_TPU/2010/v316/i6/52.pdf
Format: Électronique Chapitre de livre
KOHA link:https://koha.lib.tpu.ru/cgi-bin/koha/opac-detail.pl?biblionumber=187804

MARC

LEADER 00000nla2a2200000 4500
001 187804
005 20231031174119.0
035 |a (RuTPU)RU\TPU\book\203784 
035 |a RU\TPU\book\203347 
090 |a 187804 
100 |a 20101120d2010 k y0rusy50 ca 
101 0 |a rus 
102 |a RU 
135 |a drnn ---uucaa 
181 0 |a i  
182 0 |a b 
200 1 |a Summaries  |b Электронный ресурс  |d Рефераты статей 
203 |a Текст  |c электронный 
215 |a 1 файл (96 Кб) 
230 |a Электронные текстовые данные (1 файл : 96 Кб) 
300 |a Заглавие с титульного листа 
300 |a Электронная версия печатной публикации 
330 |a Приведены рефераты статей данного номера на английском языке. 
337 |a Adobe Reader 
461 1 |0 (RuTPU)RU\TPU\book\176237  |t Известия Томского политехнического университета [Известия ТПУ]  |f Томский политехнический университет (ТПУ)  |d 2000- 
463 1 |0 (RuTPU)RU\TPU\book\203561  |x 1684-8519  |t Т. 316, № 6: Экономика. Философия, социология и культурология  |v [С. 235-239]  |d 2010  |p 243 с. 
610 1 |a электронный ресурс 
801 1 |a RU  |b 63413507  |c 20090623  |g PSBO 
801 2 |a RU  |b 63413507  |c 20211222  |g PSBO 
856 4 |u http://www.lib.tpu.ru/fulltext/v/Bulletin_TPU/2010/v316/i6/52.pdf 
942 |c CF